[Event "6. Open Veteranos de Calviá"]
[Site "Calviá ESP"]
[Date "2006.10.23"]
[Round "4.14"]
[White "Mercadal Melia, Dante"]
[Black "Campos Calvo-Sotelo, Juan"]
[Result "1/2-1/2"]
[WhiteElo "1973"]
[BlackElo "2086"]
[PlyCount "116"]
[EventDate "2006.10.20"]
[EventType "swiss"]
[EventRounds "9"]
[EventCountry "ESP"]
[Source "lmi"]
[SourceDate "2006.10.20"]

1. e4 e6 2. d4 a6 3. Nf3 b5 4. Bd3 c5 5. c3 Bb7 6. O-O Nf6 7. e5 Nd5 8. Nbd2
cxd4 9. cxd4 h6 10. Ne4 Qb6 11. Be3 Nc6 12. Rc1 Ncb4 13. Bb1 Nxa2 14. Nf6+ gxf6
15. Bxa2 f5 16. Bxd5 Bxd5 17. Ne1 Qb7 18. f3 h5 19. Nd3 h4 20. Nf4 Bc4 21. Rf2
Bh6 22. b3 Bxf4 23. Bxf4 Bd5 24. h3 Rg8 25. Kh2 Rc8 26. b4 Rc4 27. Qd2 Qc6 28.
Rxc4 bxc4 29. Bg5 c3 30. Qc1 Qc4 31. Rc2 Qxd4 32. Rxc3 Bc6 33. Rxc6 dxc6 34.
Qxc6+ Kf8 35. Bh6+ Ke7 36. Qc7+ Qd7 37. Qc5+ Ke8 38. f4 Qb7 39. Bg5 Kd7 40.
Qe7+ Kc8 41. Qxb7+ Kxb7 42. Bxh4 Kc6 43. Bf6 Kb5 44. Be7 Kc4 45. h4 Kd4 46. Kh3
Ke4 47. g3 Kf3 48. Bg5 Rb8 49. Be7 Rb7 50. Bc5 Rd7 51. Bd6 f6 52. h5 fxe5 53.
Bxe5 Rd1 54. Kh4 Rh1+ 55. Kg5 Rg1 56. h6 Rxg3+ 57. Kf6 Rh3 58. Kg7 Rg3+ 1/2-1/2

[Event "6. Open Veteranos de Calviá"]
[Site "Calviá ESP"]
[Date "2006.10.23"]
[Round "4.15"]
[White "Diaz Begonte, Manuel"]
[Black "Perez Pascual, Arturo"]
[Result "0-1"]
[WhiteElo "1897"]
[BlackElo "2015"]
[PlyCount "39"]
[EventDate "2006.10.20"]
[EventType "swiss"]
[EventRounds "9"]
[EventCountry "ESP"]
[Source "lmi"]
[SourceDate "2006.10.20"]

1. e4 e5 2. d4 exd4 3. f4 Nc6 4. Nf3 Bb4+ 5. Nbd2 Qe7 6. Bd3 Nf6 7. O-O Bc5 8.
a3 a5 9. h3 O-O 10. Nb3 Bb6 11. Qe2 d6 12. e5 Re8 13. Re1 Bf5 14. g4 Bxd3 15.
Qxd3 Nd7 16. exd6 Qxd6 17. Rf1 a4 18. Nbd2 Nc5 19. Nc4 Qe6 20. Qd2 0-1

[Event "6. Open Veteranos de Calviá"]
[Site "Calviá ESP"]
[Date "2006.10.23"]
[Round "4.16"]
[White "Pomar Mir, Francisco"]
[Black "Castan Sanclemente, Alejandro"]
[Result "0-1"]
[WhiteElo "1996"]
[BlackElo "1982"]
[PlyCount "53"]
[EventDate "2006.10.20"]
[EventType "swiss"]
[EventRounds "9"]
[EventCountry "ESP"]
[Source "lmi"]
[SourceDate "2006.10.20"]

1. c4 e5 2. Nc3 Nf6 3. g3 d5 4. cxd5 Nxd5 5. Bg2 Nxc3 6. bxc3 Bc5 7. Nf3 Nd7 8.
O-O O-O 9. d4 exd4 10. cxd4 Bd6 11. Qc2 Re8 12. Bg5 f6 13. Bd2 c6 14. Rab1 Nb6
15. a4 Rxe2 16. Rxb6 axb6 17. Qc4+ Re6 18. Bh3 Qe7 19. Re1 Kf7 20. Bxe6+ Bxe6
21. d5 cxd5 22. Qh4 Kg8 23. a5 Qd7 24. Nd4 Bf7 25. axb6 Bc5 26. Rb1 Bg6 27. Rb2
0-1

[Event "6. Open Veteranos de Calviá"]
[Site "Calviá ESP"]
[Date "2006.10.23"]
[Round "4.17"]
[White "Batalla Batalla, Josep"]
[Black "Arias Velasco, Jose"]
[Result "1-0"]
[WhiteElo "2127"]
[BlackElo "1961"]
[PlyCount "33"]
[EventDate "2006.10.20"]
[EventType "swiss"]
[EventRounds "9"]
[EventCountry "ESP"]
[Source "lmi"]
[SourceDate "2006.10.20"]

1. e4 Nf6 2. e5 Nd5 3. c4 Nb6 4. d4 d6 5. exd6 exd6 6. h3 d5 7. c5 N6d7 8. Nc3
c6 9. Be3 Qf6 10. Rc1 b6 11. Na4 bxc5 12. dxc5 Ba6 13. Bxa6 Nxa6 14. Qe2 Nc7
15. Nf3 Be7 16. O-O O-O 17. Bg5 1-0

[Event "6. Open Veteranos de Calviá"]
[Site "Calviá ESP"]
[Date "2006.10.23"]
[Round "4.18"]
[White "Garcia Sanchez, Jose Manuel"]
[Black "Alonso Perez, Jose Ramon"]
[Result "0-1"]
[WhiteElo "1945"]
[BlackElo "2036"]
[PlyCount "94"]
[EventDate "2006.10.20"]
[EventType "swiss"]
[EventRounds "9"]
[EventCountry "ESP"]
[Source "lmi"]
[SourceDate "2006.10.20"]

1. e4 e5 2. Nc3 Nf6 3. Bc4 Nc6 4. d3 Be7 5. a3 d6 6. f4 Bg4 7. Nge2 exf4 8.
Bxf4 Ne5 9. Bxe5 dxe5 10. O-O c6 11. Kh1 O-O 12. Qd2 b5 13. Bb3 b4 14. axb4
Bxb4 15. Qg5 Bc8 16. Rf3 h6 17. Qh4 Be7 18. Qe1 Bg4 19. Rf1 Nh5 20. Rf2 Bh4 21.
g3 Bg5 22. Ng1 Qb6 23. Nd1 a5 24. Nf3 a4 25. Bc4 Bf6 26. Qe3 Rfb8 27. Bxf7+
Kxf7 28. Nxe5+ Kg8 29. Nxg4 Bd4 30. Qf3 Bxf2 31. Ngxf2 Nf6 32. Ra3 Qb4 33. Rc3
c5 34. e5 Nh7 35. Qd5+ Kh8 36. Ne4 a3 37. bxa3 Rxa3 38. Rxa3 Qxa3 39. Nd6 Ng5
40. h4 Qc1 41. hxg5 Qxd1+ 42. Kh2 Qh5+ 43. Kg2 Rb1 44. Nf7+ Kh7 45. Qe4+ g6 46.
Kf2 Rc1 47. Qe2 Rxc2 0-1

[Event "6. Open Veteranos de Calviá"]
[Site "Calviá ESP"]
[Date "2006.10.23"]
[Round "4.19"]
[White "Perez Cameselle, Francisco"]
[Black "Alonso Igual, Ignacio"]
[Result "1/2-1/2"]
[WhiteElo "1981"]
[BlackElo "1899"]
[PlyCount "73"]
[EventDate "2006.10.20"]
[EventType "swiss"]
[EventRounds "9"]
[EventCountry "ESP"]
[Source "lmi"]
[SourceDate "2006.10.20"]

1. Nf3 c5 2. g3 g6 3. Bg2 Bg7 4. O-O Nc6 5. d3 e5 6. e4 Nge7 7. Nbd2 O-O 8. Nc4
d5 9. exd5 Nxd5 10. Qe1 Re8 11. Bg5 f6 12. Bd2 Be6 13. c3 Nb6 14. Nxb6 axb6 15.
Qe2 Bxa2 16. h4 Be6 17. h5 Qd7 18. hxg6 hxg6 19. Rxa8 Rxa8 20. d4 cxd4 21. cxd4
Nxd4 22. Nxd4 Qxd4 23. Bc3 Qd6 24. Rd1 Qc7 25. Qd3 Kf7 26. Be4 f5 27. Bd5 Re8
28. Qb5 Bxd5 29. Rxd5 Qc6 30. Rd7+ Re7 31. Rxe7+ Kxe7 32. Qb3 Qe6 33. Bb4+ Kf7
34. Qc2 Qc6 35. Qb3+ Qe6 36. Qc2 Qc6 37. Qb3+ 1/2-1/2

[Event "6. Open Veteranos de Calviá"]
[Site "Calviá ESP"]
[Date "2006.10.23"]
[Round "4.20"]
[White "Mimbrero Cuello, Diego"]
[Black "Gomez Feria, Jose Maria"]
[Result "1-0"]
[WhiteElo "1888"]
[BlackElo "1973"]
[PlyCount "83"]
[EventDate "2006.10.20"]
[EventType "swiss"]
[EventRounds "9"]
[EventCountry "ESP"]
[Source "lmi"]
[SourceDate "2006.10.20"]

1. e4 c5 2. Ne2 e5 3. g3 d5 4. Bg2 d4 5. d3 Nc6 6. O-O Nf6 7. f4 Bg4 8. h3 Bxe2
9. Qxe2 Qb6 10. Nd2 Qc7 11. f5 b5 12. g4 h6 13. Nf3 Be7 14. Bd2 Rc8 15. Rac1
Qb6 16. Kh1 b4 17. c3 a5 18. cxd4 cxd4 19. Nxe5 Nd7 20. Nc4 Qa6 21. e5 O-O 22.
f6 gxf6 23. e6 Nde5 24. exf7+ Rxf7 25. Bd5 Kg7 26. Bxf7 Nxf7 27. h4 Nce5 28.
Nxe5 Nxe5 29. Rxc8 Qxc8 30. Qe4 Qc6 31. Qxc6 Nxc6 32. Bf4 Ne5 33. Bxe5 fxe5 34.
h5 Bg5 35. Kg2 a4 36. b3 a3 37. Rf5 Bf6 38. Kf3 Kf7 39. Ke4 Ke6 40. Rf1 Bg7 41.
Rc1 Kd6 42. Rc4 1-0

[Event "6. Open Veteranos de Calviá"]
[Site "Calviá ESP"]
[Date "2006.10.24"]
[Round "5.1"]
[White "Andersson, Ulf"]
[Black "Suba, Mihai"]
[Result "1/2-1/2"]
[WhiteElo "2542"]
[BlackElo "2535"]
[PlyCount "22"]
[EventDate "2006.10.20"]
[EventType "swiss"]
[EventRounds "9"]
[EventCountry "ESP"]
[Source "lmi"]
[SourceDate "2006.10.20"]

1. Nf3 Nf6 2. c4 c5 3. g3 b6 4. Bg2 Bb7 5. O-O e6 6. Nc3 a6 7. b3 d6 8. Bb2 Be7
9. e3 Ra7 10. Qe2 Nbd7 11. Rad1 Qa8 1/2-1/2

[Event "6. Open Veteranos de Calviá"]
[Site "Calviá ESP"]
[Date "2006.10.24"]
[Round "5.2"]
[White "Spassov, Liuben"]
[Black "Leskovar, Mario"]
[Result "1/2-1/2"]
[WhiteElo "2365"]
[BlackElo "2373"]
[PlyCount "124"]
[EventDate "2006.10.20"]
[EventType "swiss"]
[EventRounds "9"]
[EventCountry "ESP"]
[Source "lmi"]
[SourceDate "2006.10.20"]

1. d4 g6 2. c4 Bg7 3. e4 d6 4. Nc3 Nd7 5. f3 e5 6. Be3 c6 7. Nge2 Bh6 8. Qd2
Bxe3 9. Qxe3 Qh4+ 10. g3 Qh6 11. f4 Ngf6 12. O-O-O O-O 13. Bg2 a6 14. dxe5 dxe5
15. c5 Re8 16. Rd6 Nh5 17. Rf1 Nf8 18. h3 Be6 19. b3 Rad8 20. Na4 Rxd6 21. cxd6
Nd7 22. Kb2 f5 23. Nc5 exf4 24. gxf4 Nxc5 25. Qxc5 fxe4 26. Bxe4 Qg7+ 27. Nc3
Bxh3 28. Re1 Nf6 29. Re3 Bd7 30. Bf3 Rxe3 31. Qxe3 Ne8 32. Qe5 g5 33. Qxg5 Qxg5
34. fxg5 Nxd6 35. Ne4 Nxe4 36. Bxe4 Be6 37. b4 Bd5 38. Bf5 b6 39. a3 c5 40.
bxc5 bxc5 41. Kc3 Kg7 42. Bc2 Bf7 43. Be4 Bg8 44. Bf5 a5 45. Kd3 Bf7 46. Kc3
Bg8 47. Kd3 Kf8 48. Ke4 Kg7 49. Kd3 Ba2 50. Kc3 Bf7 51. Be4 Bg6 52. Bc6 Bf5 53.
Kc4 Kg6 54. Kxc5 Kxg5 55. Kb5 h5 56. Kxa5 h4 57. Kb6 h3 58. a4 Bd3 59. a5 Bf1
60. Bd7 h2 61. Bc6 Kf4 62. a6 Bxa6 1/2-1/2

[Event "6. Open Veteranos de Calviá"]
[Site "Calviá ESP"]
[Date "2006.10.24"]
[Round "5.3"]
[White "Ermenkov, Evgenij"]
[Black "Berry, Stephen"]
[Result "1-0"]
[WhiteElo "2455"]
[BlackElo "2365"]
[PlyCount "72"]
[EventDate "2006.10.20"]
[EventType "swiss"]
[EventRounds "9"]
[EventCountry "ESP"]
[Source "lmi"]
[SourceDate "2006.10.20"]

1. Nf3 Nf6 2. c4 e6 3. g3 b6 4. Bg2 Bb7 5. O-O Be7 6. d3 d5 7. Nc3 O-O 8. b3 c5
9. e4 dxe4 10. Ng5 Nc6 11. dxe4 Nd7 12. Qh5 h6 13. Nh3 Bf6 14. Bb2 Bd4 15. Rad1
Qf6 16. Nf4 Rad8 17. Nfe2 Qe7 18. Kh1 Nf6 19. Qh4 e5 20. Bc1 Bxc3 21. Nxc3 Rxd1
22. Rxd1 Nd4 23. f4 Re8 24. f5 Rd8 25. Rf1 Kf8 26. g4 Nh7 27. f6 Nxf6 28. Bxh6
Ne6 29. Rxf6 gxh6 30. Qxh6+ Ke8 31. Nd5 Bxd5 32. exd5 Nd4 33. Be4 Kd7 34. g5
Kc8 35. Qh7 Rf8 36. Qg7 Ne6 1-0

[Event "6. Open Veteranos de Calviá"]
[Site "Calviá ESP"]
[Date "2006.10.24"]
[Round "5.4"]
[White "Bellon Lopez, Juan Manuel"]
[Black "Simon Padros, Emili"]
[Result "1-0"]
[WhiteElo "2438"]
[BlackElo "2260"]
[PlyCount "55"]
[EventDate "2006.10.20"]
[EventType "swiss"]
[EventRounds "9"]
[EventCountry "ESP"]
[Source "lmi"]
[SourceDate "2006.10.20"]

1. d4 e6 2. Nf3 f5 3. c4 Nf6 4. Nc3 Bb4 5. Qb3 Bxc3+ 6. bxc3 O-O 7. Ba3 d6 8.
c5 Ne4 9. cxd6 cxd6 10. e3 Nc6 11. Bd3 Rf6 12. O-O Rh6 13. c4 b6 14. Qc2 Nf6
15. Rfd1 Bb7 16. d5 exd5 17. Bxf5 Ne5 18. Nxe5 dxe5 19. cxd5 Nxd5 20. Qe4 Kh8
21. Qxe5 Qh4 22. Rxd5 Bxd5 23. Qxd5 Qxh2+ 24. Kf1 Qh1+ 25. Ke2 Qh5+ 26. g4 Qe8
27. Rd1 Rb8 28. Qd7 1-0

[Event "6. Open Veteranos de Calviá"]
[Site "Calviá ESP"]
[Date "2006.10.24"]
[Round "5.5"]
[White "Anguera Maestro, Jaime"]
[Black "Garcia Martinez, Silvino"]
[Result "0-1"]
[WhiteElo "2214"]
[BlackElo "2316"]
[PlyCount "76"]
[EventDate "2006.10.20"]
[EventType "swiss"]
[EventRounds "9"]
[EventCountry "ESP"]
[Source "lmi"]
[SourceDate "2006.10.20"]

1. d4 Nf6 2. Nf3 g6 3. g3 Bg7 4. Bg2 O-O 5. O-O d6 6. c4 c6 7. Nc3 Qa5 8. e4 e5
9. d5 cxd5 10. cxd5 Bd7 11. Nd2 b5 12. a3 Qb6 13. Nb3 a5 14. Be3 Qb7 15. h3 Rc8
16. Rc1 b4 17. Ne2 Rxc1 18. Nbxc1 Na6 19. Nd3 Qc8 20. Kh2 bxa3 21. bxa3 Qc4 22.
Nb2 Qa2 23. Qa1 Qb3 24. Nc1 Qb5 25. Ncd3 Nxe4 26. Bxe4 f5 27. Rc1 fxe4 28. Ne1
Qxd5 29. Nc4 Qe6 30. h4 Rf8 31. Qa2 a4 32. Qe2 Bb5 33. Qa2 Nc7 34. Bb6 d5 35.
Bxc7 Bxc4 36. Qd2 Qc6 37. Ba5 Qc5 38. Kg1 Bh6 0-1

[Event "6. Open Veteranos de Calviá"]
[Site "Calviá ESP"]
[Date "2006.10.24"]
[Round "5.6"]
[White "Buxade Roca, Guillermo"]
[Black "Hutchinson, Paul A"]
[Result "0-1"]
[WhiteElo "2205"]
[BlackElo "2178"]
[PlyCount "192"]
[EventDate "2006.10.20"]
[EventType "swiss"]
[EventRounds "9"]
[EventCountry "ESP"]
[Source "lmi"]
[SourceDate "2006.10.20"]

1. c4 Nf6 2. Nc3 c6 3. Nf3 d5 4. cxd5 cxd5 5. d4 Nc6 6. e3 a6 7. Bd3 g6 8. O-O
Bg7 9. Bd2 O-O 10. Rc1 Re8 11. a3 Bg4 12. Be2 Bxf3 13. Bxf3 e5 14. dxe5 Nxe5
15. Ne2 Ne4 16. Bxe4 dxe4 17. Bc3 Nd3 18. Rc2 Rc8 19. Bxg7 Kxg7 20. Nd4 Qd5 21.
Rd2 Rc5 22. Rxd3 exd3 23. Qxd3 Rec8 24. h3 Rc1 25. Rxc1 Rxc1+ 26. Kh2 f5 27.
Qd2 Rc8 28. Qb4 Re8 29. Qc3 Qe5+ 30. Kg1 Kh6 31. g3 Qe7 32. Qc2 Qd7 33. Qd2 Rd8
34. Kh2 Qd6 35. Qd3 b5 36. Qd2 Rd7 37. Qd3 Qe5 38. Qc3 Qf6 39. Qc8 Rd8 40. Qc7
Qd6 41. Qc2 Kg7 42. Qc3 Kg8 43. Qc2 h5 44. h4 Rd7 45. Qb3+ Qd5 46. Qc3 Qc4 47.
Qd2 Kh7 48. Qd1 Rd8 49. Qf3 Rd7 50. Qd1 Qf7 51. Qd2 Qf6 52. Kh3 g5 53. hxg5
Qxg5 54. Qc2 Qg4+ 55. Kh2 Rf7 56. Qc8 h4 57. Qe6 hxg3+ 58. fxg3 Qg6 59. Qe5 Qf6
60. Qf4 Qh6+ 61. Kg2 Qxf4 62. gxf4 Kg6 63. Kf3 Rh7 64. Kg2 Rc7 65. Kf3 Rc1 66.
e4 Rf1+ 67. Ke2 Rb1 68. exf5+ Kf6 69. b3 Ra1 70. a4 bxa4 71. bxa4 Rxa4 72. Kd3
Rb4 73. Kc3 Rb7 74. Kc4 Rb6 75. Kc5 Rb1 76. Kc4 a5 77. Kc3 a4 78. Kc2 Rb4 79.
Kc3 Rb6 80. Nc2 Kxf5 81. Ne3+ Ke4 82. Nc4 Rb8 83. f5 Kxf5 84. Ne3+ Ke4 85. Nc2
Rb3+ 86. Kc4 Rb7 87. Kc3 Kd5 88. Nb4+ Kc5 89. Nd3+ Kb5 90. Kc2 Rh7 91. Nc1 Kc4
92. Kb2 Rh3 93. Ka2 Kb4 94. Kb2 Rh2+ 95. Ka1 Kc3 96. Kb1 Rh1 0-1

[Event "6. Open Veteranos de Calviá"]
[Site "Calviá ESP"]
[Date "2006.10.24"]
[Round "5.7"]
[White "Perez Pascual, Arturo"]
[Black "Coll, Enriques Lluis"]
[Result "0-1"]
[WhiteElo "2015"]
[BlackElo "2194"]
[PlyCount "52"]
[EventDate "2006.10.20"]
[EventType "swiss"]
[EventRounds "9"]
[EventCountry "ESP"]
[Source "lmi"]
[SourceDate "2006.10.20"]

1. e4 e5 2. Nf3 d6 3. d4 Nd7 4. Bc4 c6 5. O-O Be7 6. dxe5 dxe5 7. Ng5 Bxg5 8.
Qh5 Qe7 9. Qxg5 Ngf6 10. a4 O-O 11. Nc3 Qb4 12. Bd3 Re8 13. Bd2 Qb6 14. a5 Qc7
15. Be3 Nf8 16. f3 Be6 17. Na4 Ng6 18. Nc5 h6 19. Qg3 Nh5 20. Nxe6 Rxe6 21. Qf2
Ngf4 22. Bc4 Rg6 23. Bxf4 Nxf4 24. Qc5 Rxg2+ 25. Kh1 Qd7 26. Qxe5 Rxh2+ 0-1

[Event "6. Open Veteranos de Calviá"]
[Site "Calviá ESP"]
[Date "2006.10.24"]
[Round "5.8"]
[White "Castan Sanclemente, Alejandro"]
[Black "Estrada Martinez, Cesar"]
[Result "0-1"]
[WhiteElo "1982"]
[BlackElo "2167"]
[PlyCount "78"]
[EventDate "2006.10.20"]
[EventType "swiss"]
[EventRounds "9"]
[EventCountry "ESP"]
[Source "lmi"]
[SourceDate "2006.10.20"]

1. d4 c5 2. Nf3 cxd4 3. Bf4 Nc6 4. Nxd4 Nf6 5. Nxc6 bxc6 6. Nc3 d5 7. e3 Qb6 8.
Na4 Qa5+ 9. c3 c5 10. Bd3 e6 11. O-O Bd7 12. Bc2 Be7 13. a3 c4 14. b4 cxb3 15.
Bxb3 O-O 16. Qd4 Ne4 17. Bc2 Bxa4 18. Bxa4 Nxc3 19. Bd1 Nxd1 20. Rfxd1 Rac8 21.
g3 Rc4 22. Qb2 Rfc8 23. Be5 f6 24. Qb7 Kf8 25. Bd4 R4c7 26. Qb3 Bc5 27. Bc3 Qb6
28. Bb4 Kf7 29. Qd3 Bxb4 30. axb4 f5 31. b5 Rc3 32. Qe2 Qc5 33. Ra6 Qe7 34. Qb2
R3c7 35. Rda1 Rb7 36. Qd4 Rcc7 37. Kg2 Qf6 38. Qa4 Qe5 39. Rxa7 Rxa7 0-1

[Event "6. Open Veteranos de Calviá"]
[Site "Calviá ESP"]
[Date "2006.10.24"]
[Round "5.9"]
[White "Patola, Eero"]
[Black "Klempt, Guenter"]
[Result "1-0"]
[WhiteElo "1959"]
[BlackElo "2071"]
[PlyCount "127"]
[EventDate "2006.10.20"]
[EventType "swiss"]
[EventRounds "9"]
[EventCountry "ESP"]
[Source "lmi"]
[SourceDate "2006.10.20"]

1. e4 c5 2. c4 Nc6 3. Nc3 g6 4. g3 Bg7 5. Bg2 d6 6. d3 e6 7. Nge2 Nge7 8. O-O
O-O 9. Rb1 a6 10. Be3 Rb8 11. Qd2 b5 12. b3 Nd4 13. Bh6 b4 14. Bxg7 bxc3 15.
Qh6 Nxe2+ 16. Kh1 f6 17. Bxf8 Qxf8 18. Qxf8+ Kxf8 19. Rbe1 Nd4 20. f4 Nec6 21.
e5 dxe5 22. fxe5 f5 23. Rc1 Nb4 24. a3 Nxd3 25. Rxc3 Nxe5 26. Re1 Nec6 27. Rd1
Ke7 28. Re3 Na5 29. b4 Nxc4 30. Rc3 Nb2 31. Rd2 Na4 32. Re3 Nb6 33. Rc3 Na4 34.
Re3 Nb5 35. bxc5 Nxc5 36. Rc2 Nd7 37. Kg1 Bb7 38. Bxb7 Rxb7 39. Rc6 Rb6 40.
Rexe6+ Kf7 41. Rxb6 Nxb6 42. Rxb6 Nxa3 43. Rxa6 Nc4 44. Ra7+ Kg8 45. Kf2 Nd6
46. Ke3 Nf7 47. Kf4 Kg7 48. h4 h5 49. Ke3 Kf6 50. Kd4 g5 51. Ra6+ Kg7 52. hxg5
Nxg5 53. Ke5 Ne4 54. Kf4 Kh7 55. Ra5 Kg6 56. Rxf5 Nd6 57. Rc5 Ne8 58. Rc6+ Kg7
59. Kg5 Kh7 60. Kxh5 Kg7 61. g4 Kh7 62. Ra6 Kg7 63. Kg5 Kf7 64. Kh6 1-0

[Event "6. Open Veteranos de Calviá"]
[Site "Calviá ESP"]
[Date "2006.10.24"]
[Round "5.10"]
[White "Salgado Gonzalez, Julio"]
[Black "Sarto Ramos, Angel"]
[Result "1/2-1/2"]
[WhiteElo "1955"]
[BlackElo "2069"]
[PlyCount "58"]
[EventDate "2006.10.20"]
[EventType "swiss"]
[EventRounds "9"]
[EventCountry "ESP"]
[Source "lmi"]
[SourceDate "2006.10.20"]

1. d4 g6 2. Nf3 Bg7 3. Bf4 d6 4. e3 Nf6 5. h3 Bf5 6. Be2 c5 7. Nc3 cxd4 8. Nxd4
Bd7 9. Bh2 Nc6 10. Nb3 O-O 11. O-O a6 12. e4 Rc8 13. f4 Be6 14. Qd2 Nb4 15. Kh1
b5 16. a3 Nxe4 17. Nxe4 Nxc2 18. Nbc5 Bf5 19. Rac1 Nd4 20. g4 dxc5 21. gxf5
Nxe2 22. Qxe2 Qd5 23. Qf3 Qxf5 24. b3 Bb2 25. Rcd1 Bxa3 26. Rd5 Qe6 27. f5 Qc6
28. f6 Qxd5 29. fxe7 Bb2 1/2-1/2

[Event "6. Open Veteranos de Calviá"]
[Site "Calviá ESP"]
[Date "2006.10.24"]
[Round "5.11"]
[White "Kozarcanin, Sead"]
[Black "Feiguelman, Boris Dr"]
[Result "1/2-1/2"]
[WhiteElo "2213"]
[BlackElo "2092"]
[PlyCount "111"]
[EventDate "2006.10.20"]
[EventType "swiss"]
[EventRounds "9"]
[EventCountry "ESP"]
[Source "lmi"]
[SourceDate "2006.10.20"]

1. Nf3 d5 2. d3 g6 3. h4 h5 4. Nbd2 Bg7 5. e4 c6 6. c3 e5 7. b3 Bg4 8. Be2 Nd7
9. Bb2 Nh6 10. Qc2 Rc8 11. Ba3 Bf8 12. Bxf8 Kxf8 13. O-O Kg7 14. Rfe1 f6 15.
Rad1 Nf7 16. d4 f5 17. Nxe5 Nfxe5 18. dxe5 fxe4 19. Bxg4 hxg4 20. Nxe4 Qxh4 21.
Ng3 Rcf8 22. Re3 Nc5 23. e6 Re8 24. c4 Nxe6 25. Qb2+ d4 26. Re4 c5 27. Qd2 Ng5
28. Rxe8 Rxe8 29. Qf4 Nf7 30. b4 b6 31. f3 Qg5 32. Qxg5 Nxg5 33. fxg4 Re3 34.
Kf2 Ra3 35. bxc5 bxc5 36. Rb1 Rxa2+ 37. Kf1 d3 38. Rb7+ Kf6 39. Rd7 Rc2 40.
Rxd3 Rxc4 41. Ra3 Rxg4 42. Ne2 Ne4 43. Rxa7 Ng3+ 44. Nxg3 Rxg3 45. Rc7 Rg5 46.
Kf2 Re5 47. Kf3 Kg5 48. g4 Rd5 49. Rc6 Rd3+ 50. Ke2 Rc3 51. Kd2 Rc4 52. Kd3
Rd4+ 53. Ke3 Rc4 54. Kd3 Rxg4 55. Rxc5+ Kf4 56. Ke2 1/2-1/2

[Event "6. Open Veteranos de Calviá"]
[Site "Calviá ESP"]
[Date "2006.10.24"]
[Round "5.12"]
[White "Antigua Padros, Jordi"]
[Black "Campos Calvo-Sotelo, Juan"]
[Result "1-0"]
[WhiteElo "2160"]
[BlackElo "2086"]
[PlyCount "139"]
[EventDate "2006.10.20"]
[EventType "swiss"]
[EventRounds "9"]
[EventCountry "ESP"]
[Source "lmi"]
[SourceDate "2006.10.20"]

1. e4 a6 2. d4 e6 3. Bd3 b5 4. Nf3 c5 5. c3 Bb7 6. O-O Nf6 7. e5 Nd5 8. Ng5
cxd4 9. cxd4 Nb4 10. Be4 Bxe4 11. Nxe4 h6 12. Nbc3 d5 13. Ng3 Nd7 14. Be3 Nb6
15. b3 Rc8 16. Rc1 Nc6 17. Nb1 h5 18. h3 g6 19. Qd2 Bb4 20. Qd3 Be7 21. Qd2 h4
22. Ne2 g5 23. f4 gxf4 24. Nxf4 Kd7 25. Nd3 Qg8 26. Nc5+ Bxc5 27. Rxc5 Rh5 28.
Qe2 Qg6 29. Nd2 Rf5 30. Nf3 Qh5 31. Qe1 Rg8 32. Nxh4 Rxf1+ 33. Kxf1 Qh7 34. Nf3
Ne7 35. Qd2 Nf5 36. Bf2 Qg6 37. Ne1 Ng3+ 38. Bxg3 Qxg3 39. Qf2 Qg6 40. Qc2 Qxc2
41. Rxc2 Nc8 42. g4 Ne7 43. Kf2 Ng6 44. Kg3 Rf8 45. Rf2 Ke7 46. Rc2 Kd7 47. Nd3
a5 48. Nc5+ Ke7 49. Nb7 Ra8 50. Rc7+ Kf8 51. Nd6 Nh8 52. Nxb5 a4 53. b4 Rb8 54.
Rc5 a3 55. h4 Ng6 56. h5 Ne7 57. Kh4 Kg7 58. Kg5 Nc6 59. h6+ Kg8 60. Rxc6 Rxb5
61. Rc8+ Kh7 62. Rf8 Rxb4 63. Rxf7+ Kg8 64. Kg6 Rb8 65. g5 Kh8 66. Kf6 Rg8 67.
g6 Re8 68. g7+ Kh7 69. Rf8 Rxf8+ 70. gxf8=N+ 1-0

[Event "6. Open Veteranos de Calviá"]
[Site "Calviá ESP"]
[Date "2006.10.24"]
[Round "5.13"]
[White "Tejero Royo, Fermin"]
[Black "Mercadal Melia, Dante"]
[Result "1-0"]
[WhiteElo "2159"]
[BlackElo "1973"]
[PlyCount "83"]
[EventDate "2006.10.20"]
[EventType "swiss"]
[EventRounds "9"]
[EventCountry "ESP"]
[Source "lmi"]
[SourceDate "2006.10.20"]

1. e4 b6 2. d4 Bb7 3. Bd3 e6 4. c3 Nf6 5. Qe2 Be7 6. f4 d5 7. e5 Ne4 8. Nd2
Nxd2 9. Bxd2 a5 10. f5 Bg5 11. Qg4 Bxd2+ 12. Kxd2 g6 13. fxe6 fxe6 14. Qxe6+
Qe7 15. Qxe7+ Kxe7 16. Rf1 Nd7 17. Nh3 Raf8 18. Rxf8 Rxf8 19. Rf1 Rxf1 20. Bxf1
Nf8 21. Bd3 Ne6 22. Ke3 Kf7 23. Nf2 Bc8 24. Be2 h5 25. Bf3 c6 26. c4 Bb7 27.
cxd5 cxd5 28. Be2 Bc6 29. Nh3 Kg7 30. Nf4 Nxf4 31. Kxf4 Bd7 32. Bd3 Kh6 33. h4
Be6 34. a3 Bd7 35. g3 Be6 36. Bb5 Bc8 37. e6 Bxe6 38. Ke5 Bf7 39. Bc6 g5 40.
Bxd5 Bxd5 41. Kxd5 Kg6 42. Ke6 1-0

[Event "6. Open Veteranos de Calviá"]
[Site "Calviá ESP"]
[Date "2006.10.24"]
[Round "5.14"]
[White "Serra Olives, Tomas"]
[Black "Penalver Guardia, Josep"]
[Result "0-1"]
[WhiteElo "2132"]
[BlackElo "1918"]
[PlyCount "69"]
[EventDate "2006.10.20"]
[EventType "swiss"]
[EventRounds "9"]
[EventCountry "ESP"]
[Source "lmi"]
[SourceDate "2006.10.20"]

1. e4 e6 2. d4 d5 3. Nc3 dxe4 4. Nxe4 Nd7 5. Nf3 Ngf6 6. Nxf6+ Nxf6 7. Bg5 Be7
8. Bd3 c6 9. O-O b6 10. c4 h6 11. Bh4 Bb7 12. Qe2 Qc7 13. a3 O-O 14. Rad1 Rfe8
15. Ne5 c5 16. Rfe1 cxd4 17. Bb1 Nd7 18. Bxe7 Nxe5 19. Bh4 Ng6 20. Bxg6 fxg6
21. Rxd4 e5 22. Rg4 Qc6 23. f3 Rac8 24. Bf2 Qf6 25. b4 h5 26. Rg3 Rcd8 27. Qc2
Re6 28. c5 bxc5 29. Bxc5 Ra6 30. b5 Re6 31. Bxa7 e4 32. fxe4 Bxe4 33. Qc4 Kh7
34. a4 Bd3 35. Rxe6 0-1

[Event "6. Open Veteranos de Calviá"]
[Site "Calviá ESP"]
[Date "2006.10.24"]
[Round "5.15"]
[White "Alonso Perez, Jose Ramon"]
[Black "Batalla Batalla, Josep"]
[Result "0-1"]
[WhiteElo "2036"]
[BlackElo "2127"]
[PlyCount "74"]
[EventDate "2006.10.20"]
[EventType "swiss"]
[EventRounds "9"]
[EventCountry "ESP"]
[Source "lmi"]
[SourceDate "2006.10.20"]

1. Nf3 Nf6 2. g3 d5 3. Bg2 c5 4. O-O Nc6 5. d3 e6 6. Nbd2 Be7 7. c3 O-O 8. e4
Qc7 9. Qe2 dxe4 10. dxe4 e5 11. h3 Rb8 12. b3 b5 13. Bb2 Bd7 14. Rfc1 Ne8 15.
Nf1 Be6 16. Ne3 Nf6 17. Ng5 h6 18. Nxe6 fxe6 19. Rd1 Rf7 20. h4 Bd8 21. Bh3 Qe7
22. Ng4 c4 23. bxc4 Bb6 24. Rd2 Rbf8 25. Rf1 b4 26. cxb4 Nd4 27. Bxd4 Bxd4 28.
Rxd4 exd4 29. Ne5 Qxb4 30. Nxf7 Kxf7 31. e5 Nd7 32. Qf3+ Ke7 33. Qc6 Qb6 34.
Qxb6 axb6 35. f4 Rc8 36. Rc1 Nc5 37. Bg2 Nd3 0-1

[Event "6. Open Veteranos de Calviá"]
[Site "Calviá ESP"]
[Date "2006.10.24"]
[Round "5.16"]
[White "Forteza Valls, Jose Maria"]
[Black "Mimbrero Cuello, Diego"]
[Result "1-0"]
[WhiteElo "2105"]
[BlackElo "1888"]
[PlyCount "48"]
[EventDate "2006.10.20"]
[EventType "swiss"]
[EventRounds "9"]
[EventCountry "ESP"]
[Source "lmi"]
[SourceDate "2006.10.20"]

1. e4 d6 2. d4 Nf6 3. Nc3 c6 4. Bf4 Qa5 5. Bd2 e5 6. Nf3 exd4 7. Nxd4 Qc7 8.
Be2 Be7 9. Be3 b5 10. Bf3 b4 11. Nce2 O-O 12. Ng3 Ba6 13. Nde2 Nbd7 14. O-O
Rfe8 15. Re1 Nf8 16. Nd4 Ng6 17. Nxc6 Bf8 18. Nxb4 Bb7 19. Qd3 Nh4 20. c4 Nxf3+
21. gxf3 Rab8 22. Qc3 h5 23. Nf5 Bc8 24. Nd4 Qd7 1-0